Boundary-value problems with free boundaries for elliptic systems of equations /
Guardado en:
| Autor Principal: | |
|---|---|
| Otros Autores: | |
| Formato: | Libro |
| Idioma: | English Russian |
| Publicado: |
Providence, R.I. :
American Mathematical Society,
c1983.
|
| Series: | Translations of mathematical monographs,
v. 57 |
| Materias: | |
| Etiquetas: |
Agregar Etiqueta
Sin Etiquetas, Sea el primero en etiquetar este registro!
|
| LEADER | 01265pam a2200289 a 4500 | ||
|---|---|---|---|
| 001 | MAT.inmabb006200 | ||
| 008 | 830208s1983####riua#####b####000#0#eng## | ||
| 005 | 20130318175835.0 | ||
| 245 | 1 | 0 | |a Boundary-value problems with free boundaries for elliptic systems of equations / |c by V.N. Monakhov ; [translated from the Russian by H.H. McFaden ; translation edited by Lev J. Leifman]. |
| 260 | |a Providence, R.I. : |b American Mathematical Society, |c c1983. | ||
| 300 | |a xiv, 522 p. : |b il. ; |c 24 cm. | ||
| 440 | 0 | |a Translations of mathematical monographs, |x 0065-9282 ; |v v. 57 | |
| 500 | |a Traducción de: Kraevye zadachi so svobodnymi granitsami dlia ellipticheskikh sistem uravnenii. | ||
| 504 | |a Bibliografía: p. 517-522. | ||
| 510 | 4 | |a MR, |c 85a:35029 | |
| 020 | |a 0821845101 | ||
| 100 | 1 | |a Monakhov, V. N. |q (Valentin Nikolaevich) | |
| 240 | 1 | 0 | |a Kraevye zadachi so svobodnymi granitsami dlia ellipticheskikh sistem uravnenii. |l Inglés |
| 700 | 1 | |a Leifman, L. IA. |q (Lev IAkovlevich) | |
| 650 | 0 | |a Boundary value problems. | |
| 650 | 0 | |a Differential equations, Elliptic. | |
| 650 | 0 | |a Fluid dynamics. | |
| 084 | |a 35J55 (30C60 30E25 35Q15) |2 MR | ||
| 010 | |a 83002754 | ||
| 040 | |a DLC |c DLC |d DLC | ||
| 041 | 1 | |a eng |h rus | |
| 859 | |h 35 |i M734 |p A-5980 |b BIB. MATEMATICA | ||
